| 000 | 01548nam a2200289Ia 4500 | ||
|---|---|---|---|
| 999 |
_c36933 _d36933 |
||
| 001 | 2884 | ||
| 003 | GE_BSU | ||
| 005 | 20190423162238.0 | ||
| 008 | 181216s1993||||ge |||||||||||||| ||geo|| | ||
| 040 | _cGE_BSU | ||
| 041 | _ageo | ||
| 080 | _a330.1(075.8)+330.342.14+330.52 მ–19 | ||
| 100 |
_aმაკკონელი, კ.რ _9408 |
||
| 245 |
_aეკონომიკსი : პრინციპები , პრობლემები და პოლიტიკა : _bოთხ ნაწილად . ნაწ. l. / _cმაკკონელი კ. რ , ბრიუ ს. ლ. მთარგმნ : კ. ღურწკაია , და სხვ. პ/მგ. რედ : კ. ღურწკაია, რ. გოგოხია |
||
| 264 |
_aთბილისი , _c1993. |
||
| 300 |
_a487 გვ : _c20 სმ. |
||
| 541 | _h12 ლ. | ||
| 653 | _a ეკონომიკის თეორია | ||
| 653 | _aკაპიტალისტური წარმოების წესი | ||
| 653 | _aეროვნული სიმდიდრე | ||
| 653 | _aეკონომიკა | ||
| 700 |
_aკემპბელ, რ. _9409 |
||
| 700 |
_a ღურწკაია, კ . _eმთარგმნელი _9410 |
||
| 700 |
_aღურწკაია, კ . _eპასუხისმგებელი რედაქტორი _9411 |
||
| 700 |
_aგოგოხია, კ . _eპასუხისმგებელი რედაქტორი _9412 |
||
| 942 |
_cBK _2udc |
||